000 00549nam a2200193Ia 4500
005 20250508162431.0
008 008 250505s9999 xx 000 0 eng d
037 _aTextual
040 _aFEDL
_beng
_cFEDL
041 _aeng
_2eng
084 _a181.45, SIV
_qFEDL
100 _aSwami Sivananda
245 0 _aKundalini yoga
260 _aTehri - Garhwal, India
_bThe Divine Life Society India
_c1980
300 _aLxiii,272p.
650 _aOriental Philosophy
_9755543
942 _cTEXL
_h181.45, SIV
999 _c1376517
_d1376517